Strukturální změny v české ekonomice
Vývoj štruktúrnych zmien v hospodárskej politike v ČR. V r. 1991 začiatok transformačných procesov: liberalizácia cien, deetatizácia a decentralizácia riadiacich štruktúr, privatizácia, úprava vlastníckych vzťahov v družstvách, široké otvorenie hospodárstva, úpravy kurzu podstatnou devalváciou korun...
Guardado en:
| Autor principal: | |
|---|---|
| Formato: | Capítulo de libro |
| Lenguaje: | checo |
| Materias: | |
| Etiquetas: |
Sin Etiquetas, Sea el primero en etiquetar este registro!
|
MARC
| LEADER | 00000naa a2200000 4500 | ||
|---|---|---|---|
| 001 | r028060 | ||
| 005 | 20230927115451.9 | ||
| 041 | 0 | |a cze | |
| 044 | |a CZ | ||
| 245 | 1 | 0 | |a Strukturální změny v české ekonomice |c J. Zavíral |
| 520 | |a Vývoj štruktúrnych zmien v hospodárskej politike v ČR. V r. 1991 začiatok transformačných procesov: liberalizácia cien, deetatizácia a decentralizácia riadiacich štruktúr, privatizácia, úprava vlastníckych vzťahov v družstvách, široké otvorenie hospodárstva, úpravy kurzu podstatnou devalváciou koruny. Proces privatizácie a zmeny vlastníckych vzťahov. Legislatíva v procese transformácie. Zmeny v dopyte a ponuky. Štruktúrne zmeny v poľnohospodárstve a v priemysle. | ||
| 610 | 2 | 0 | |a zmeny štruktúrne |
| 610 | 2 | 0 | |a politika hospodárska |
| 610 | 2 | 0 | |a Česko |
| 610 | 2 | 0 | |a transformácia |
| 610 | 2 | 0 | |a privatizácia |
| 610 | 2 | 0 | |a tabuľky štatistické |
| 610 | 2 | 0 | |a poľnohospodárstvo |
| 610 | 2 | 0 | |a priemysel |
| 610 | 2 | 0 | |a dopyt |
| 610 | 2 | 0 | |a ponuka |
| 610 | 2 | 0 | |a vzťahy vlastnícke |
| 610 | 2 | 0 | |a legislatíva |
| 100 | 1 | |a Zavíral, Jan | |